| Поле | Инд. | ПП | Название | Значение |
|---|---|---|---|---|
| Тип записи | a | |||
| Библиографический уровень | m | |||
| 001 | Контрольный номер | d99cab23-f4eb-446e-a07d-08e0fdb22824 | ||
| 005 | Дата корректировки | 20241220105703.2 | ||
| 008 | Кодируемые данные | 040604 | ||
| 020 | a | ISBN | 5-85050-429-X | |
| c | Цена, тираж | 66.88 | ||
| 020 | a | ISBN | 5-85050-379-X | |
| 040 | a | Служба первич. каталог. | НБ ТвГУ | |
| 041 | 0_ | a | Код языка текста | rus |
| 080 | a | Индекс УДК | 882-3 | |
| a | Индекс УДК | 882-2 | ||
| 084 | a | Индекс другой классификации/Индекс ББК | Ш6(2=411.2)6-44 | |
| a | Индекс другой классификации/Индекс ББК | Ш6(2=411.2)6-6 | ||
| 090 | x | Авторский знак | Б12 | |
| a | Полочн. индекс | Р2 | ||
| 100 | 1_ | a | Автор | Бабель Исаак Эммануилович |
| 245 | 00 | a | Заглавие | Проза. Драматургия |
| c | Ответственность | И. Э. Бабель; Ин-т "Открытое о-во" | ||
| 260 | 0_ | a | Место издания | Москва |
| b | Издательство | Слово/Slovo | ||
| c | Дата издания | 2000 | ||
| 300 | a | Объем | 694,[2] с. | |
| 440 | _0 | a | Серия | Пушкинская библиотека |
| 500 | a | Примечание | На обл. только авт. и загл. сер. | |
| a | Примечание | Содерж.: Разделы: Рассказы 1913-1924 гг.; Одесские рассказы; Конармия; Рассказы 1925-1938 гг.; Пьесы: Закат; Мария; Беня Крик : Киноповесть; Воспоминания. Портреты; Очерки; Статьи; Выступления; Дневник 1920 г.; Письма; Документы. | ||
| 500 | a | Примечание | НАСТОЯЩИЙ МАТЕРИАЛ (ИНФОРМАЦИЯ) ПРОИЗВЕДЕН, РАСПРОСТРАНЕН И (ИЛИ) НАПРАВЛЕН ИНОСТРАННЫМ АГЕНТОМ ДЖ. СОРОСОМ, ЯВЛЯЮЩИМСЯ УЧРЕДИТЕЛЕМ (ЧЛЕНОМ, УЧАСТНИКОМ, РУКОВОДИТЕЛЕМ ИЛИ ЛИЦОМ, ВХОДЯЩИМ В СОСТАВ ОРГАНА ЛИЦ УКАЗАНЫХ В ЧАСТИ 4 СТАТЬИ 9 ФЕДЕРАЛЬНОГО ЗАКОНА «О КОНТРОЛЕ ЗА ДЕЯТЕЛЬНОСТЬЮ ЛИЦ, НАХОДЯЩИХСЯ ПОД ИНОСТРАННЫМ ВЛИЯНИЕМ») ФОНДА «ОТКРЫТОЕ ОБЩЕСТВО», ВКЛЮЧЕННОГО В РЕЕСТР ИНОСТРАННЫХ АГЕНТОВ | |
| 504 | a | Библиография | Библиогр. в коммент.: с.666-691. | |
| 653 | 0_ | a | Ключевые слова | Художественная |
| 700 | 1_ | a | Другие авторы | Сарнов Бенедикт |
| e | Роль лиц | сост., авт. предисл., коммент. | ||
| 700 | 1_ | a | Другие авторы | Тевекелян Диана Варткесовна |
| e | Роль лиц | гл. ред. | ||
| 700 | 1_ | a | Другие авторы | Гаспаров Михаил Леонович |
| e | Роль лиц | ред. сер. | ||
| 852 | 41 | t | Порядковый номер экземпляра | 1 |
| p | Инвентарный номер | 785851 | ||
| 852 | 41 | t | Порядковый номер экземпляра | 1 |
| p | Инвентарный номер | 785852 | ||
| 863 | t | 00024870 | ||
| 920 | a | Оператор | Алекс | |
| 930 | a | Новая/Ретро | художественная | |
| 952 | p | 256.2004 66.88 1 785851 | ||
| p | 256.2004 66.88 1 785852 | |||
| c | Вид литературы | К рх | ||
| 954 | a | Дата поступления на обработку | 20040608 |